Statistiques concernant Chaîne de mots de 4 lettres #1

Cliquez ici pour prendre le quiz!

Statistiques générales

  • Ce quiz a été pris 18 818 fois
    (18 810 depuis la dernière actualisation)
  • Le résultat moyen est 16 sur 30

Statistiques - réponses

IndiceMot% Correct
Monnaie européenneEuro
99%
Cherché à PâquesOeuf
98%
Mais où est ____ Ornicar?Donc
97%
Indiqué par la boussoleNord
96%
Poisson-clown de PixarNémo
84%
Capitale de la NorvègeOslo
82%
Petit du cerfFaon
81%
Oiseau qui "fait la roue"Paon
73%
Abeille de fictionMaya
70%
Volcan sicilienEtna
65%
Entre soprano et ténorAlto
58%
A existé de 1922 à 1991URSS
56%
Autre nom de l'IrlandeEire
54%
Peut être "manta"Raie
54%
Pays, nationÉtat
48%
Bruce BannerHulk
45%
Brun-JauneOcre
42%
Ville jumelée à ParisRome
41%
ContesterNier
40%
Légumineuse asiatiqueSoja
34%
Petite tige de métalClou
33%
Fruit du plaqueminierKaki
32%
Premier tsar russeIvan
30%
Désignait la ThailandeSiam
28%
Exportateurs de pétroleOPEP
27%
Représenta la France à l'EurovisionAmir
26%
Saga produite par Luc BessonTaxi
23%
Préfecture du GersAuch
22%
Bataille napoléonienne de 1806Iéna
20%
Friandise de FlavignyAnis
14%

Distribution des résultats

Percentile par nombre de réponses

% des personnes avec chaque résultat

Votre développement - résultats

Vous n’avez pas pris ce quiz depuis la dernière actualisation